000 00899nam a22002897a 4500
001 BR7310245
003 BR-BrBNA
005 20230928084156.0
007 ta
008 230509b bl.||||| |||| 00| 0 por d
040 _aBR-BrBNA
_bpor
_cBiblioteca Nacional de Agricultura
041 _a(Por)
072 _aF50; F70
_b3290
_b8915
_b/G514
090 _ 3290 BR7310245
110 1 _aInstituto de Pesquisas Tecnologicas, Sao Paulo, SP (Brasil)
_96224
245 1 _aFichas de caracteristicas das madeiras brasileiras. Serie: Estado de Sao Paulo. Guarucaia Peltophorum vogelianum Walp Leguminosae
260 3 _aSao Paulo, SP (Brasil):
_c1973.
300 _a4 p.
650 _aTAXONOMIA VEGETAL
650 _aGUARUCAIA
650 _aMADEIRA
650 _aANATOMIA VEGETAL
650 _aDISTRIBUICAO GEOGRAFICA
650 _aSAO PAULO
909 _a202309
_bLucia
_c55
_dLucia Elande
942 _cBK
999 _c17292
_d17292